| 000 | 00604nam a2200193 u 4500 | ||
|---|---|---|---|
| 005 | 20240320063630.0 | ||
| 008 | 151027s2010 r 000 0 eng d | ||
| 020 | _a9788492750085 | ||
| 035 | _aUPN01000206381 | ||
| 049 | _aI | ||
| 050 | 4 |
_aPZ28 _bN6.7 |
|
| 100 | 1 |
_aNorac, Carl, _d1960- _929718 |
|
| 245 | 1 | 0 |
_aSwing Café / _cCarl Norac ; il. de Rébecca Dautremer ; tr. de Adoración Elvira. |
| 260 |
_aAlmeida, Esp, : _bKókinos, _c2010. |
||
| 300 |
_a[56] p. : _bil. + _c1 CD-ROM |
||
| 650 | 4 |
_aLiteratura infantil belga _99175 |
|
| 650 | 4 |
_aLibros y lectura para niños _92290 |
|
| 905 | _aInfantil | ||
| 999 |
_c178482 _d178482 |
||